الوَقْفُ عِنْدَ زَّيْدِيَّةِ اليَمَن: النَّظَرِيَّةُ الفِقهيَّةُ وَالتَقنِينُ وَالمُمَارَسَةُ المَحَلِّيَّة : [Waqf in Zaydī Yemen] /
يعدّ الوقف (وجمعه: أوقاف) جزءًا لا يتجزأ من المجتمع اليمني لإدارة الثروة الخاصة وكإطار قانوني للأعمال الخيريّة والبنّية التحتيّة العامة. يركز الكتاب على أربع ميادين اجتماعية في المعرفة القانونية وهي: الفقه والتقنين وبعض حالات الوقف والمعرفة المتعلقة بالوقف في الحياة اليومية. يجمع الكتاب بين تحليل ال...
المؤلف الرئيسي:
التنسيق: كتاب الكتروني
اللغة: English
منشور في:
Leiden ; Boston :
Brill,
2024.
سلاسل:
Middle East and Islamic Studies E-Books Online, Collection 2024.
الموضوعات:
الوصول للمادة أونلاين: Login to view Source
الوسوم: إضافة وسم
رقم الطلب: KZ1242
| LEADER | 03216nam a22004698i 4500 | ||
|---|---|---|---|
| 001 | BRILL9789004678705 | ||
| 003 | nllekb | ||
| 005 | 20240807135843.0 | ||
| 006 | m d | ||
| 007 | cr un uuuua | ||
| 008 | 240402s2024 gw sb 001 0 eng d | ||
| 020 | |a 9789004678705 |q (electronic book) | ||
| 020 | |z 9789004678699 |q (print) | ||
| 024 | 7 | |a 10.1163/9789004678705 |2 DOI | |
| 040 | |a NL-LeKB |c NL-LeKB |e rda | ||
| 041 | |a eng | ||
| 050 | 4 | |a KZ1242 | |
| 072 | 7 | |a LAFS |2 bicssc | |
| 072 | 7 | |a LAW |x 000000 |2 bisacsh | |
| 072 | 7 | |a REL |x 037020 |2 bisacsh | |
| 082 | 0 | 4 | |a 341/.09 |2 23 |
| 100 | 1 | |a Hovden, Eirik, |e author. | |
| 245 | 1 | 0 | |a الوَقْفُ عِنْدَ زَّيْدِيَّةِ اليَمَن: النَّظَرِيَّةُ الفِقهيَّةُ وَالتَقنِينُ وَالمُمَارَسَةُ المَحَلِّيَّة : |b [Waqf in Zaydī Yemen] / |c Eirik Hovden. |
| 246 | 3 | |a [Waqf in Zaydī Yemen] | |
| 264 | 1 | |a Leiden ; |a Boston : |b Brill, |c 2024. | |
| 264 | 4 | |c ©2024 | |
| 300 | |a 1 online resource (700 pages) : |b illustrations. | ||
| 336 | |a text |b txt |2 rdacontent | ||
| 337 | |a computer |b c |2 rdamedia | ||
| 338 | |a online resource |2 rdacarrier | ||
| 490 | 1 | |a Middle East and Islamic Studies E-Books Online, Collection 2024 | |
| 504 | |a Includes bibliographical references and index. | ||
| 520 | |a يعدّ الوقف (وجمعه: أوقاف) جزءًا لا يتجزأ من المجتمع اليمني لإدارة الثروة الخاصة وكإطار قانوني للأعمال الخيريّة والبنّية التحتيّة العامة. يركز الكتاب على أربع ميادين اجتماعية في المعرفة القانونية وهي: الفقه والتقنين وبعض حالات الوقف والمعرفة المتعلقة بالوقف في الحياة اليومية. يجمع الكتاب بين تحليل النصوص والدراسات الإثنوغرافية بهدف فهم كيف تم التعامل مع الشريعة الإسلامية واستخدامها وتحديدها واعتمادها في مسائل معينة من مسائل الوقف حيث يوجد توتّر بين النظرية الإسلامية والتطبيق على أرض الواقع. تقوم الدراسة بتحليل أهم أعمال الفقه الزَّيديّ مثل شَرْح الأزْهَار، والأحكام الإماميّة، والفتاوى، والوقفيات، معظم هذه المصادر يأتي من المناطق الشمالية الزيدية. | ||
| 546 | |a English | ||
| 588 | |a Description based on print version record. | ||
| 650 | 0 | |a International law. | |
| 650 | 0 | |a Islamic Law. | |
| 776 | 0 | 8 | |i Print version: |t الوَقْفُ عِنْدَ زَّيْدِيَّةِ اليَمَن: النَّظَرِيَّةُ الفِقهيَّةُ وَالتَقنِينُ وَالمُمَارَسَةُ المَحَلِّيَّة : [Waqf in Zaydī Yemen]. |d Leiden ; Boston : Brill, 2024. |z 9789004678699 |
| 830 | 0 | |a Middle East and Islamic Studies E-Books Online, Collection 2024. | |
| 856 | 4 | |z DOI: |u http://dx.doi.org/10.1163/9789004678705 | |
| 942 | |2 lcc |c EBOOK | ||
| 999 | |c 59147 |d 59147 | ||
